Nommez un pays qui touche... - Statistiques

Statistiques générales
  • Ce quiz a été pris 3 950 fois
    3 930 depuis la dernière actualisation
  • Le résultat moyen est 11 sur 14
Statistiques - réponses
Proposition Pays qui le touche... % Correct
Le Sahara Maroc | Algérie | Tunisie | Libye | Égypte | Soudan | Tchad | Niger | Mali | Mauritanie
97%
L'Himalaya Pakistan | Inde | Népal | Bhoutan | Chine
95%
Le Danube Allemagne | Autriche | Slovaquie | Hongrie | Croatie | Serbie | Roumanie | Bulgarie | Moldavie | Ukraine
94%
Le Nicaragua Honduras | Costa Rica
91%
Le méridiens de Greenwich Royaume-Uni | France | Espagne | Algérie | Mali | Burkina Faso | Togo | Ghana
87%
La Cordillère des Andes Venezuela | Colombie | Équateur | Pérou | Bolivie | Chili | Argentine
87%
Le Togo Bénin | Burkina Faso | Ghana
84%
Le tropique du Capricorne Namibie | Botswana | Afrique du Sud | Mozambique | Madagascar | Australie | Chili | Argentine | Paraguay | Brésil | France
82%
Le lac Titicaca Bolivie | Pérou
75%
La mer Caspienne Kazakhstan | Turkménistan | Iran | Azerbaïdjan | Russie
75%
Désert de Gobi Mongolie | Chine
72%
Le lac Victoria Ouganda | Kenya | Tanzanie
67%
Le fleuve Amour Chine | Russie
55%
Le Golfe d'Aden Yémen | Somalie | Djibouti
40%
Aucun quiz correspondant
Distribution des résultats
% des personnes avec chaque résultat
Percentile par nombre de réponses
Votre historique - résultats
Vous n’avez pas pris ce quiz depuis la dernière actualisation